000 00783cam a2200241 i 4500
001 17274885
005 20180221051136.0
008 120427s2012 txu b 000 0 eng
010 _a 2012014874
020 _a9781593639167 (pbk.)
040 _aDLC
_beng
_cDLC
_erda
_dDLC
041 _aeng
042 _apcc
080 _a371.95 JUL
082 0 0 _a371.95 JUL
_223
100 1 _a47
101 _aEDU
245 1 2 _aA teacher's guide to working with children and families from diverse backgrounds :
_cJulia Link Roberts, Ed.D., & Jennifer L. Jolly, Ph.D.
504 _aIncludes bibliographical references.
906 _a7
_bcbc
_corignew
_d1
_eecip
_f20
_gy-gencatlg
942 _2ddc
_cBK
999 _c43034
_d43034